000 00465 a2200181 4500
001 068954
003 OSt
005 20220330142614.0
008
082 _a519.2076
_bR18P
100 1 _aRao, M.M.
245 1 _aProbability theory with application
_cby M.M. Rao and R.J. Swift
260 _aNew York
_bSpringer
_c2010
300 _a527p.
653 _aProbabilities; Mathematics
700 _aSwift, R.J.
942 _2ddc
_cBK
999 _c2570
_d2570